000 00499cam a2200193ua 4500
001 5794
008 131025n ii |||gr||||Z||||||eng
020 _a81-7331-000-9
040 _cMAIN
082 _a954.162
245 _aAnglo-Assamese Relations :
_b1771-1826 /
_cby S.K.Bhuyan .
250 _a3rd Lawyr`s Ed.
260 _aGuwahati:
_bLBS Publications,
_c1990.
300 _a636p.
653 _aHistory
653 _aAnglo-Assamese Relations
700 _aBhuyan,S.K,
_eAuthor.
942 _cBK
999 _c4952
_d4952